000 00466cas a22001815a 4500
001 L121599
008 030311c2002 xxkqr p a eng u
035 _a(Sirsi) u121599
041 _aeng
110 2 _aRoyal Institution of Chartered Surveyors
_bWales
_95220
245 _aWales News
260 _aCardiff
_bRICS
_c[200?]-
362 0 _aSpring 2002-
554 _aFour per year
651 4 _aWales
_y1998-2007
690 _aPROFESSIONAL PRACTICE
942 _n0
999 _c118768
_d118768